<?xml version="1.0" encoding="UTF-8"?>
<record
    xmlns:xsi="http://www.w3.org/2001/XMLSchema-instance"
    xsi:schemaLocation="http://www.loc.gov/MARC21/slim http://www.loc.gov/standards/marcxml/schema/MARC21slim.xsd"
    xmlns="http://www.loc.gov/MARC21/slim">

  <leader>02012nam a22002894c 4500</leader>
  <controlfield tag="003">AR-BaSMT</controlfield>
  <controlfield tag="008">240614t2022     agad||gr|||| 001 0 spa d</controlfield>
  <datafield tag="020" ind1=" " ind2=" ">
    <subfield code="a">9789874863812</subfield>
  </datafield>
  <datafield tag="040" ind1=" " ind2=" ">
    <subfield code="a">BSGB</subfield>
    <subfield code="b">espa&#xF1;ol</subfield>
    <subfield code="e">rda</subfield>
  </datafield>
  <datafield tag="041" ind1="0" ind2=" ">
    <subfield code="a">spa</subfield>
    <subfield code="h">espa&#xF1;ol</subfield>
  </datafield>
  <datafield tag="080" ind1=" " ind2=" ">
    <subfield code="a">004.8</subfield>
  </datafield>
  <datafield tag="100" ind1="1" ind2=" ">
    <subfield code="a">Marchini, Timoteo</subfield>
    <subfield code="9">428</subfield>
  </datafield>
  <datafield tag="245" ind1="1" ind2="1">
    <subfield code="a">Clima</subfield>
    <subfield code="b">: El desaf&#xED;o de dise&#xF1;o m&#xE1;s grande de todos los tiempos</subfield>
  </datafield>
  <datafield tag="250" ind1=" " ind2=" ">
    <subfield code="a">primera edici&#xF3;n</subfield>
  </datafield>
  <datafield tag="264" ind1=" " ind2="1">
    <subfield code="a">Buenos Aires: </subfield>
    <subfield code="b">El Gato y La Caja, </subfield>
    <subfield code="c">2022.</subfield>
  </datafield>
  <datafield tag="300" ind1=" " ind2=" ">
    <subfield code="a">448 p&#xE1;ginas.</subfield>
  </datafield>
  <datafield tag="336" ind1=" " ind2=" ">
    <subfield code="a">Texto</subfield>
  </datafield>
  <datafield tag="337" ind1=" " ind2=" ">
    <subfield code="a">Sin mediaci&#xF3;n</subfield>
  </datafield>
  <datafield tag="338" ind1=" " ind2=" ">
    <subfield code="a">Vol&#xFA;men</subfield>
  </datafield>
  <datafield tag="505" ind1=" " ind2=" ">
    <subfield code="a">Indice:
Parte 1: ESCENARIOS
1.1 El efecto invernadero / Timoteo Marchini -- 20
1.2 El planeta / Carolina Vera -- 68
1.3 Las personas /Tamara Ulloa -- 94
Parte 2: SISTEMAS
2.1 Energ&#xED;a / Juan Arroyo -- 144
2.2 Movilidad / Felipe Gonzalez -- 206
2.3 Alimentaci&#xF3;n / Ezequiel Arrieta -- 264
Parte 3: EXPERIENCIAS
3.1 Pol&#xED;ticas de desarrollo / Equipo Fundar -- 312
3.2 Disrupci&#xF3;n tecnol&#xF3;gica / Equipo Gridx --346
3.3 Activismo ambiental / Equipo J&#xF3;venes por el Clima -- 382</subfield>
  </datafield>
  <datafield tag="520" ind1="1" ind2=" ">
    <subfield code="a">Clima aborda una de las problem&#xE1;ticas m&#xE1;s urgentes de nuestros tiempos: la crisis clim&#xE1;tica. Escrito en colaboraci&#xF3;n con un grupo de especialistas que van de la meteorolog&#xED;a a la econom&#xED;a, propone al lector entrar a la conversaci&#xF3;n sobre el cambio clim&#xE1;tico con una mirada profunda sobre un problema complejo, apoy&#xE1;ndose en una perspectiva de dise&#xF1;o fuerte.</subfield>
  </datafield>
  <datafield tag="521" ind1=" " ind2=" ">
    <subfield code="a">P&#xFA;blico general</subfield>
  </datafield>
  <datafield tag="530" ind1=" " ind2=" ">
    <subfield code="a">Disponible gratuitamente online</subfield>
    <subfield code="u">https://elgatoylacaja.com/libros/clima?_gl=1*phv7h3*_gcl_aw*R0NMLjE3NjM2NDY2NzMuQ2p3S0NBaUFsZnZJQmhBNkVpd0FjRXJweVgtUW1iT1UzQU5CNVVjbUZVel92cFNNZ2R1d3BGQWRaNWVDMGRRRFZ3ZHlCSWpBS1lYX2lob0Nld1VRQXZEX0J3RQ..*_gcl_au*MTE2OTkxMzMyNy4xNzYzNjQ2NjcyLjQyOTM4MzYwNS4xNzYzNjQ2NjcyLjE3NjM2NDY2NzI.*_ga*MTA0NzQ0NzEwNi4xNzYzNjQ2Njcz*_ga_Q0DKHW4XS8*czE3NjU5ODE5MDUkbzIkZzAkdDE3NjU5ODE5MDUkajYwJGwwJGgw</subfield>
  </datafield>
  <datafield tag="650" ind1=" " ind2="4">
    <subfield code="9">62</subfield>
    <subfield code="a">CIENCIA</subfield>
    <subfield code="x">Ecolog&#xED;a</subfield>
  </datafield>
  <datafield tag="942" ind1=" " ind2=" ">
    <subfield code="2">udc</subfield>
    <subfield code="a">BOOK</subfield>
  </datafield>
  <datafield tag="999" ind1=" " ind2=" ">
    <subfield code="c">593</subfield>
    <subfield code="d">593</subfield>
  </datafield>
  <datafield tag="952" ind1=" " ind2=" ">
    <subfield code="0">0</subfield>
    <subfield code="1">0</subfield>
    <subfield code="2">ddc</subfield>
    <subfield code="4">0</subfield>
    <subfield code="a">BSGB</subfield>
    <subfield code="b">BSGB</subfield>
    <subfield code="c">Ciencias Naturales</subfield>
    <subfield code="e">Compra feria del libro 2025</subfield>
    <subfield code="i">030401</subfield>
    <subfield code="l">0</subfield>
    <subfield code="o">574 MAR</subfield>
    <subfield code="p">030401</subfield>
    <subfield code="t">1</subfield>
    <subfield code="y">BOOK</subfield>
    <subfield code="f"></subfield>
  </datafield>
</record>
